Pays les plus visités par les présidents de la France - Statistiques

Statistiques générales
  • Ce quiz a été pris 134 142 fois
    81 507 depuis la dernière actualisation
  • Le résultat moyen est 18 sur 23
Statistiques - réponses
Nombre de visites Pays visité % Correct
51 Etats-Unis
98%
71 Allemagne
96%
19 Espagne
96%
22 Allemagne de l'Ouest
96%
16 Russie
94%
16 Chine
93%
28 Italie
93%
34 Royaume-Uni
93%
115 Belgique
91%
10 Algérie
88%
10 Canada
88%
10 Maroc
88%
10 Japon
87%
13 Brésil
82%
10 Portugal
82%
16 Suisse
82%
11 Tunisie
71%
17 Pologne
70%
11 Inde
68%
11 Egypte
61%
14 Arabie Saoudite
42%
11 Qatar
32%
10 Emirats Arabes Unis
30%
Aucun quiz correspondant
Distribution des résultats
% des personnes avec chaque résultat
Percentile par nombre de réponses
Votre historique - résultats
Vous n’avez pas pris ce quiz depuis la dernière actualisation